Văn hóa Xinh - Mun
Đề cập đến môi trường tự nhiên xã hội vùng người Xinh - Mun sinh sống. Khái quát văn hóa Xinh - Mun. Trình bày những ảnh hưởng văn hóa Thái ở người Xinh - Mun.
Đã lưu trong:
| Tác giả chính: | |
|---|---|
| Định dạng: | Sách |
| Năm xuất bản: |
H.
Đại học Quốc gia
2010
|
| Chủ đề: | |
| Tags: |
Thêm thẻ
Không có thẻ, Hãy là người đầu tiên gắn thẻ bản ghi này!
|
| LEADER | 00729nam a2200157 4500 | ||
|---|---|---|---|
| 082 | |a 398.09597 |b TR120B | ||
| 100 | |a Trần Bình | ||
| 245 | |a Văn hóa Xinh - Mun |c Trần Bình | ||
| 260 | |a H. |b Đại học Quốc gia |c 2010 | ||
| 300 | |a 241tr. |c 21cm | ||
| 520 | |a Đề cập đến môi trường tự nhiên xã hội vùng người Xinh - Mun sinh sống. Khái quát văn hóa Xinh - Mun. Trình bày những ảnh hưởng văn hóa Thái ở người Xinh - Mun. | ||
| 653 | |a Văn hóa dân gian Việt Nam | ||
| 653 | |a Dân tộc Xinh - mun | ||
| 942 | |2 ddc |c SH | ||
| 999 | |c 7642 |d 7642 | ||
| 952 | |0 0 |1 0 |2 ddc |4 0 |6 398_095970000000000_TR120B |7 0 |8 300 |9 68432 |a qbu |b qbu |c D2 |d 2015-03-12 |o 398.09597 TR120B |p 7854.C1 |r 0000-00-00 |w 2015-03-12 |y SH | ||